000
00260nam a2200109Ia 4500
008
190216s9999||||xx |||||||||||||| ||und||
100
_a
Narendranath Konniyoor
245
0
_a
Puthiya Chakravalangal
260
_b
Current Books
650
_a
Lekhanam
942
_c
BK
999
_c
24455
_d
24455